Federal Geographic Data Committee (Record no. 120066)

MARC details
000 -LEADER
fixed length control field 01020cam a2200253 4500
001 - CONTROL NUMBER
control field WS118644
008 - FIXED-LENGTH DATA ELEMENTS--GENERAL INFORMATION
fixed length control field 020702n 000 0 eng u
035 ## - SYSTEM CONTROL NUMBER
System control number (Sirsi) u118644
245 ## - TITLE STATEMENT
Title Federal Geographic Data Committee
520 ## - SUMMARY, ETC.
Summary, etc. Web site for this US government committee which coordinates the development of the National Spatial Data Infrastructure which encompasses policies, standards and procedures for organisations to cooperatively produce and share geographic data. Includes pages on standards and publication. Also gives access to data in the National Spatial Data Clearinghouse.
650 ## - SUBJECT ADDED ENTRY--TOPICAL TERM
Topical term or geographic name entry element INTERNATIONAL
650 ## - SUBJECT ADDED ENTRY--TOPICAL TERM
Topical term or geographic name entry element USA
650 ## - SUBJECT ADDED ENTRY--TOPICAL TERM
Topical term or geographic name entry element NSDI
650 ## - SUBJECT ADDED ENTRY--TOPICAL TERM
Topical term or geographic name entry element NATIONAL SPATIAL DATA INFRASTRUCTURE
650 ## - SUBJECT ADDED ENTRY--TOPICAL TERM
Topical term or geographic name entry element STANDARDS
650 ## - SUBJECT ADDED ENTRY--TOPICAL TERM
Topical term or geographic name entry element SPATIAL DATA
650 ## - SUBJECT ADDED ENTRY--TOPICAL TERM
Topical term or geographic name entry element GIS
650 ## - SUBJECT ADDED ENTRY--TOPICAL TERM
Topical term or geographic name entry element NATIONAL SPATIAL DATA CLEARINGHOUSE
650 ## - SUBJECT ADDED ENTRY--TOPICAL TERM
Topical term or geographic name entry element GIS
650 ## - SUBJECT ADDED ENTRY--TOPICAL TERM
Topical term or geographic name entry element GOVERNMENT
690 ## - LOCAL SUBJECT ADDED ENTRY--TOPICAL TERM (OCLC, RLIN)
Topical term or geographic name as entry element Geomatics
9 (RLIN) 6242
856 40 - ELECTRONIC LOCATION AND ACCESS
Uniform Resource Identifier <a href="https://www.fgdc.gov">https://www.fgdc.gov</a>
Public note View the website free of charge at www.fgdc.gov...
942 ## - ADDED ENTRY ELEMENTS (KOHA)
Suppress in OPAC 0
Holdings
Withdrawn status Lost status Source of classification or shelving scheme Damaged status Not for loan Home library Current library Shelving location Date acquired Total Checkouts Full call number Barcode Date last seen Copy number Price effective from Koha item type
    Dewey Decimal Classification     Virtual Virtual Online 02/07/2002   WEB SITE 118644-2001 06/08/2019 1 06/08/2019 Online material